| 000 | 00000cam 2200000zi 4500 |
| 001 | 9.956364 |
| 003 | CaOODSP |
| 005 | 20260513101938 |
| 006 | m o d f |
| 007 | cr mn||||||||| |
| 008 | 251015t20262026onco o f000 0 fre d |
| 020 | |a9780660793542 |
| 040 | |aCaOODSP|bfre|erda|cCaOODSP |
| 043 | |an-cn--- |
| 086 | 1 |aFs23-798/2025F-PDF |
| 245 | 00|aAnalyse de l'engin récupéré sur la baleine noire de l'Atlantique Nord Eg no 3560 « Snow Cone ». |
| 264 | 1|a[Ottawa] : |bPêches et océans Canada = Fisheries and Oceans Canada, |c[2026] |
| 264 | 4|c©2026 |
| 300 | |a1 ressource en ligne (10 pages non numérotées) : |bphotographies en couleur |
| 336 | |atexte|btxt|2rdacontent/fre |
| 337 | |ainformatique|bc|2rdamedia/fre |
| 338 | |aressource en ligne|bcr|2rdacarrier/fre |
| 500 | |aPublié aussi en anglais sous le titre : Recovered gear analysis of North Atlantic right whale snow cone Eg #3560. |
| 500 | |a« Non-Classifié. » |
| 650 | 6|aBaleine des Basques|xEffets de la pêche sur|zMassachusetts|zCod, Baie du cap. |
| 650 | 6|aBaleine des Basques|xEffets de la pêche sur|zSaint-Laurent, Golfe du. |
| 650 | 6|aCrabe des neiges|xPêche commerciale|xAppareils et matériel|xAspect de l'environnement|zSaint-Laurent, Golfe du. |
| 710 | 1 |aCanada. |bMinistère des pêches et des océans, |eorganisme de publication. |
| 775 | 08|tRecovered gear analysis of North Atlantic right whale snow cone Eg #3560.|w(CaOODSP)9.956363 |
| 856 | 40|qPDF|s538 Ko|uhttps://publications.gc.ca/collections/collection_2026/mpo-dfo/fs23/Fs23-798-2025-fra.pdf |